Nuestra Señora de las Mercedes : (Record no. 25734)
[ view plain ]
| 000 -CABECERA | |
|---|---|
| campo de control de longitud fija | 00549nam a2200169 a 4500 |
| 001 - NÚMERO DE CONTROL | |
| campo de control | 000026242 |
| 003 - IDENTIFICADOR DEL NÚMERO DE CONTROL | |
| campo de control | DO-SdBNP |
| 005 - FECHA Y HORA DE LA ÚLTIMA TRANSACCIÓN | |
| campo de control | 20250219104747.0 |
| 008 - DATOS DE LONGITUD FIJA--INFORMACIÓN GENERAL | |
| campo de control de longitud fija | 110307s1938 dr 000 0 spa d |
| 040 ## - FUENTE DE LA CATALOGACIÓN | |
| Centro catalogador/agencia de origen | DO-SdBNP |
| Lengua de catalogación | spa |
| Centro/agencia transcriptor | BNPHU |
| 049 ## - FONDOS LOCALES (OCLC) | |
| Fondos de biblioteca | BNPD |
| 100 1# - ENTRADA PRINCIPAL--NOMBRE DE PERSONA | |
| Nombre de persona | Cipriano, |
| Fechas asociadas al nombre | 1886-1958 |
| Títulos y otros términos asociados al nombre | de Utrera, fray, |
| 9 (RLIN) | 50420 |
| 245 10 - MENCIÓN DE TÍTULO | |
| Título | Nuestra Señora de las Mercedes : |
| Resto del título | su templo y su culto en la ciudad de Caracas / |
| Mención de responsabilidad, etc. | Fray Cipriano de Utrera |
| 260 ## - PUBLICACIÓN, DISTRIBUCIÓN, ETC. | |
| Lugar de publicación, distribución, etc. | Ciudad Trujillo, República Dominicana:, |
| Fecha de publicación, distribución, etc. | 1938. |
| 300 ## - DESCRIPCIÓN FÍSICA | |
| Extensión | 146 P. ; |
| Dimensiones | 21 cm. |
| 942 ## - ELEMENTOS DE PUNTO DE ACCESO ADICIONAL (KOHA) | |
| Fuente del sistema de clasificación o colocación | Dewey Decimal Classification |
| Tipo de ítem Koha | Libro |
| Estado de retiro | Estado de pérdida | Restricciones de uso | No para préstamo | Código de colección | Localización permanente | Ubicación/localización actual | Ubicación en estantería | Fecha de adquisición | Número de inventario | Total de préstamos | Signatura topográfica completa | Código de barras | Fecha visto por última vez | Precio válido a partir de | Tipo de ítem Koha |
|---|---|---|---|---|---|---|---|---|---|---|---|---|---|---|---|
| Excluido de préstamo | Raros y valiosos | Patrimonio Dominicano | Patrimonio Dominicano | Depósito | 07.03.2011 | LF1 | 26242-10 | 25.06.2020 | 25.06.2020 | No se presta |
